[Event "AUTO-ADV-89"]
[Site "http://www.queenalice.com/game.php?id=32323"]
[Date "2005.10.9"]
[Round "1"]
[White "bennyray"]
[Black "ENDHER"]
[Result "0-1"]
[WhiteElo "1524"]
[BlackElo "1875"]

1. e4 e5 2. Bc4 Nf6 3. Nf3 Bc5 4. Nxe5 O-O 5. d3 d6 6. d4 Bb4+ 7. c3 dxe5 8.
cxb4 exd4 9. f3 Qd6 10. Bd2 Nc6 11. O-O Nxb4 12. e5 Qc5 13. exf6 Qxc4 14. fxg7
Kxg7 15. Bxb4 Qxb4 16. b3 Be6 17. Nd2 Rad8 18. a3 Qb6 19. Nc4 Bxc4 20. bxc4 d3+
21. Kh1 Rfe8 22. Rb1 Qc6 23. Re1 Rxe1+ 24. Qxe1 Qxc4 25. Rb4 Qc2 26. Qe5+ f6 27.
Rg4+ Kf7 28. Qh5+ Ke6 29. Re4+ Kd6 30. Rd4+ Kc6 31. h3 Rxd4 32. Qe8+ Kb6 33. Qe3
Qc5 34. Qe6+ c6 35. Qxf6 d2 0-1

[Event "AUTO-ADV-89"]
[Site "http://www.queenalice.com/game.php?id=32324"]
[Date "2005.10.9"]
[Round "1"]
[White "ENDHER"]
[Black "bennyray"]
[Result "1-0"]
[WhiteElo "1800"]
[BlackElo "1544"]

1. d4 d5 2. c4 c6 3. Nc3 dxc4 4. e3 Nd7 5. Bxc4 b5 6. Bb3 b4 7. Qf3 f6 8. Ne4 e5
9. Ne2 a5 10. O-O a4 11. Bc4 Ba6 12. Bxa6 Rxa6 13. Bd2 a3 14. b3 c5 15. dxe5
fxe5 16. Rac1 Ngf6 17. N2g3 Nxe4 18. Qxe4 Nf6 19. Qxe5+ Be7 20. Nf5 Ra7 21.
Nxg7+ Kd7 22. Qe6+ Kc7 23. Bxb4 Rb7 24. Ba5+ 1-0

[Event "Let's Play Chess!"]
[Site "http://www.queenalice.com/game.php?id=32343"]
[Date "2005.10.9"]
[Round "-"]
[White "bennyray"]
[Black "Rafale2000"]
[Result "0-1"]
[WhiteElo "1392"]
[BlackElo "1300"]

1. e4 Nc6 2. d4 d5 3. e5 Bf5 4. c3 e6 5. g4 Bg6 6. Bb5 Qd7 7. h4 a6 8. Bxc6 Qxc6
9. h5 Be4 10. f3 Bxb1 11. Rxb1 f6 12. f4 fxe5 13. fxe5 O-O-O 14. Bg5 Be7 15.
Bxe7 Nxe7 16. Nf3 Rdf8 17. g5 Rf5 18. b4 Qxc3+ 19. Nd2 Qe3+ 20. Qe2 Qxe2+ 21.
Kxe2 Rxg5 22. Nf3 Rg2+ 23. Ke3 Nf5+ 24. Kf4 Rxa2 25. Ng5 Nxd4 26. Rhd1 Rf8+ 27.
Ke3 Nf5+ 28. Kd3 Kd7 29. b5 axb5 30. Rxb5 b6 31. Nxh7 Rh8 32. Ng5 Rxh5 33. Nf7
Rh3# 0-1

[Event "Friendly"]
[Site "http://www.queenalice.com/game.php?id=32358"]
[Date "2005.10.9"]
[Round "-"]
[White "rgalvez"]
[Black "bennyray"]
[Result "1-0"]
[WhiteElo "1609"]
[BlackElo "1485"]

1. e4 c6 2. d4 d5 3. e5 f6 4. Bd3 fxe5 5. Qh5+ g6 6. Bxg6+ hxg6 7. Qxh8 Nf6 8.
dxe5 Ne4 9. Bh6 Kf7 10. Qh7+ Ke6 11. Qxg6+ Kxe5 12. Nf3# 1-0

[Event "AUTO-ADV-90"]
[Site "http://www.queenalice.com/game.php?id=32698"]
[Date "2005.10.11"]
[Round "1"]
[White "diego2907"]
[Black "bennyray"]
[Result "1-0"]
[WhiteElo "1714"]
[BlackElo "1341"]

1. e4 c6 2. Bc4 b5 3. Bb3 a5 4. a3 a4 5. Ba2 e5 6. Qf3 Nh6 7. d3 b4 8. Bxh6 Qf6
9. Qxf6 gxf6 10. Bxf8 Rxf8 11. Nd2 b3 12. cxb3 d5 13. exd5 cxd5 14. bxa4 Rxa4
15. Bxd5 Ba6 16. Be4 h5 17. Ne2 Ra5 18. Nc3 Rg8 19. Nd5 Bxd3 20. Nxf6+ Kf8 21.
Nxg8 Bxe4 22. Nxe4 Kxg8 23. O-O Nc6 24. Rfc1 Nd4 25. Rc5 Rxc5 26. Nxc5 Nc2 27.
Rc1 Nd4 28. Re1 f6 29. Re4 Kg7 30. Rh4 1-0

[Event "AUTO-ADV-90"]
[Site "http://www.queenalice.com/game.php?id=32699"]
[Date "2005.10.11"]
[Round "1"]
[White "bennyray"]
[Black "diego2907"]
[Result "0-1"]
[WhiteElo "1343"]
[BlackElo "1712"]

1. e4 e5 2. Bc4 h6 3. Qf3 Nf6 4. Nh3 d6 5. g4 Bxg4 6. Qb3 Bxh3 7. Qxh3 Nxe4 8.
d3 Nf6 9. Nc3 Nc6 10. Nd5 Nd4 11. Nxf6+ Qxf6 12. Bb3 Nf3+ 13. Kf1 Nd4 14. c3 Ne6
15. Bxe6 fxe6 16. a4 a5 17. b4 axb4 18. cxb4 e4 19. a5 Qxa1 20. Kg2 Qe5 21. f4
exf3+ 22. Qxf3 O-O-O 23. Bf4 Qb2+ 24. Kg3 g5 25. Bc1 Qxb4 26. a6 bxa6 27. Qa8+
Kd7 28. Qxa6 Bg7 29. Ba3 Be5+ 30. Kf2 Rhf8+ 0-1

[Event "AUTO-ADV-90"]
[Site "http://www.queenalice.com/game.php?id=32714"]
[Date "2005.10.11"]
[Round "1"]
[White "bennyray"]
[Black "Fabio_Broa"]
[Result "0-1"]
[WhiteElo "1354"]
[BlackElo "1356"]

1. e4 e5 2. Bc4 d6 3. Qf3 Nh6 4. d3 Be6 5. Nh3 Bxc4 6. dxc4 Nd7 7. g4 f6 8. g5
Nf7 9. Nc3 Qe7 10. Nd5 Qd8 11. gxf6 gxf6 12. b4 c6 13. Nxf6+ Nxf6 14. Bg5 Nxg5
15. Nxg5 h5 16. Ne6 Qe7 17. Qf5 Kf7 18. Ng5+ Ke8 19. Qg6+ Kd7 20. Qf5+ Kc7 21.
Ne6+ Kb8 22. c5 d5 23. exd5 Nxd5 24. Qxe5+ Nc7 25. O-O-O Bh6+ 26. Kb1 Rg8 27.
Rhe1 b5 28. cxb6 axb6 29. c3 Kb7 30. Nxc7 Qxc7 31. Rd6 Rae8 32. Re6 Rxe6 33.
Qxe6 Qh7+ 34. Kb2 Qh8 35. a4 Bd2 36. Qd7+ Kb8 37. Qxd2 Rd8 38. Qf4+ Ka8 39. Qc7
Rd2+ 40. Kb3 Qg8+ 41. c4 Rd3+ 0-1

[Event "AUTO-ADV-90"]
[Site "http://www.queenalice.com/game.php?id=32715"]
[Date "2005.10.11"]
[Round "1"]
[White "Fabio_Broa"]
[Black "bennyray"]
[Result "1-0"]
[WhiteElo "1363"]
[BlackElo "1366"]

1. c3 e5 2. Qc2 d5 3. e3 e4 4. d4 exd3 5. Qxd3 Nf6 6. Qc2 g6 7. Nf3 Bf5 8. Bd3
Bxd3 9. Qxd3 c5 10. Qb5+ Qd7 11. Qd3 c4 12. Qd4 Ne4 13. Qxh8 Nc6 14. Qxh7 O-O-O
15. Qh3 Qxh3 16. gxh3 f6 17. Nbd2 f5 18. Nxe4 fxe4 19. Ng5 b5 20. Rg1 Rd6 21. b3
b4 22. Bd2 bxc3 23. Bxc3 d4 24. exd4 Nxd4 25. Bxd4 Rxd4 26. Ne6 1-0

[Event "AUTO-ADV-90"]
[Site "http://www.queenalice.com/game.php?id=32716"]
[Date "2005.10.11"]
[Round "1"]
[White "bennyray"]
[Black "rgalvez"]
[Result "1-0"]
[WhiteElo "1328"]
[BlackElo "1571"]

1. d4 d5 2. c4 dxc4 3. Qa4+ Bd7 4. Qxc4 e6 5. d5 exd5 6. Qxd5 Nc6 7. Qe4+ Qe7 8.
Nc3 Nf6 9. Qe3 Nb4 10. Kd1 Ba4+ 11. b3 O-O-O+ 12. Bd2 Qxe3 13. fxe3 Ng4 14. Nh3
Nxe3+ 15. Ke1 Nec2+ 16. Kf2 Rxd2 17. bxa4 Nxa1 18. Ne4 Rxa2 19. Nf4 f5 20. Nc3
Bc5+ 21. Ke1 1-0

[Event "AUTO-ADV-90"]
[Site "http://www.queenalice.com/game.php?id=32717"]
[Date "2005.10.11"]
[Round "1"]
[White "rgalvez"]
[Black "bennyray"]
[Result "0-1"]
[WhiteElo "1599"]
[BlackElo "1300"]

1. e4 e5 2. Nf3 Nc6 3. Bb5 a6 4. Ba4 b5 5. Bb3 Bc5 6. c3 b4 7. O-O bxc3 8. bxc3
a5 9. d4 exd4 10. cxd4 a4 11. Bxf7+ Kxf7 12. dxc5 Nf6 13. e5 Ne4 14. Qd5+ Kf8
15. Qxe4 d5 16. exd6 cxd6 17. Qxc6 Ba6 18. Re1 Bd3 19. Bg5 Qc8 20. Be7+ Kf7 0-1

[Event "Let's Play Chess!"]
[Site "http://www.queenalice.com/game.php?id=32766"]
[Date "2005.10.12"]
[Round "-"]
[White "Mayaune"]
[Black "bennyray"]
[Result "1-0"]
[WhiteElo "1565"]
[BlackElo "1517"]

1. e4 c6 2. d4 d5 3. e5 Bf5 4. Nf3 e6 5. Bd3 Bxd3 6. Qxd3 f6 7. O-O fxe5 8. Nxe5
Nd7 9. Re1 Nxe5 10. Rxe5 Bd6 11. Rxe6+ Ne7 12. Bg5 h6 13. Bxe7 Bxe7 14. Qg6+ Kd7
15. Nc3 Bf6 16. Rae1 Re8 17. Rxe8 Qc7 18. Qf7+ 1-0

[Event "Let's Play Chess!"]
[Site "http://www.queenalice.com/game.php?id=33034"]
[Date "2005.10.13"]
[Round "-"]
[White "liquid"]
[Black "bennyray"]
[Result "1-0"]
[WhiteElo "1485"]
[BlackElo "1518"]

1. e4 c6 2. d4 d5 3. e5 Bf5 4. g4 Bg6 5. h4 h5 6. Be2 hxg4 7. Bxg4 f5 8. h5 fxg4
9. Qxg4 Bxc2 10. Na3 Be4 11. f3 Bg6 12. Qxg6+ Kd7 13. b4 Rh6 14. Bxh6 Nxh6 15.
Ne2 e6 16. Nf4 Bxb4+ 17. Ke2 Bxa3 18. Qxg7+ Kc8 19. Qxh6 Nd7 20. Nxe6 Qa5 21.
Qh8+ Nf8 22. Rab1 Kd7 23. Rxb7+ Kxe6 24. Qf6# 1-0

[Event "Battle"]
[Site "http://www.queenalice.com/game.php?id=33105"]
[Date "2005.10.14"]
[Round "-"]
[White "JeffPaul"]
[Black "bennyray"]
[Result "1-0"]
[WhiteElo "1300"]
[BlackElo "1454"]

1. d4 d5 2. e3 Bf5 3. Nc3 Nf6 4. h3 h5 5. f3 Nc6 6. Bb5 a6 7. Bxc6+ bxc6 8. g4
hxg4 9. e4 dxe4 10. Qe2 exf3 11. Qe5 Bxc2 12. Be3 Rh5 13. Qf4 Rf5 14. Qg3 Qd6
15. Qxd6 cxd6 16. hxg4 Nxg4 17. Kd2 f2 18. Nh3 Nxe3 19. Kxe3 c5 20. d5 g5 21.
Raf1 Bh6 22. Rxf2 g4+ 23. Nf4 Re5+ 24. Kd2 g3 25. Rf3 Bxf4+ 26. Rxf4 g2 27. Rg1
Rb8 28. b3 Bh7 29. Rh4 Bg8 30. Rxg2 f5 31. Rxg8+ Kd7 32. Rxb8 Kc7 33. Rf8 a5 34.
Rf7 Kd7 35. Rf4 Ke8 36. R4xf5 e6 37. Rxe5 Kxf7 38. dxe6+ Kf6 39. e7 Kxe5 40.
e8=Q+ Kf6 41. Nd5+ Kf5 42. Ne3+ Kf4 43. Qa4+ 1-0

[Event "Let's Play Chess!"]
[Site "http://www.queenalice.com/game.php?id=33272"]
[Date "2005.10.14"]
[Round "-"]
[White "wdlauzon"]
[Black "bennyray"]
[Result "1-0"]
[WhiteElo "1900"]
[BlackElo "1345"]

1. e4 c6 2. d4 d5 3. Nc3 dxe4 4. Nxe4 Bf5 5. Ng3 e6 6. Bd3 Qxd4 7. Nxf5 exf5 8.
Qe2+ Be7 9. Bxf5 g6 10. Nf3 Qb4+ 11. c3 Qa5 12. Bd3 Nd7 13. O-O O-O-O 14. b4 Qh5
15. a4 a5 16. bxa5 Qxa5 17. Bb2 Ngf6 18. Qxe7 Qd5 19. Bc2 Rhe8 20. Qb4 c5 21.
Qb5 c4 22. Qxd5 Nxd5 23. Ng5 Re7 24. Nxh7 1-0

[Event "Let's Play Chess!"]
[Site "http://www.queenalice.com/game.php?id=33562"]
[Date "2005.10.17"]
[Round "-"]
[White "Edgar"]
[Black "bennyray"]
[Result "1-0"]
[WhiteElo "1587"]
[BlackElo "1389"]

1. e4 c6 2. d4 d5 3. e5 Bf5 4. Nf3 f6 5. Bd3 Bxd3 6. Qxd3 fxe5 7. Nxe5 Nd7 8.
Bf4 Nxe5 9. Bxe5 Nf6 10. f3 e6 11. a3 c5 12. dxc5 Bxc5 13. Qb5+ Nd7 14. Bg3 b6
15. Nc3 a6 16. Qe2 Qf6 17. O-O-O d4 18. Ne4 Qh6+ 19. Kb1 e5 20. Qc4 b5 21. Qd5
Rd8 22. Nxc5 Nxc5 23. Qxc5 Qd6 24. Qxe5+ Qxe5 25. Bxe5 O-O 26. Bxd4 h5 27. Bb6
Rb8 28. Ba5 Rf4 29. Rd7 g5 30. Re1 g4 31. fxg4 Rxg4 32. Bc7 Rf8 33. Bg3 h4 34.
Bd6 Rf2 35. Re8+ Rf8 36. Rxf8# 1-0

[Event "Let's Play Chess!"]
[Site "http://www.queenalice.com/game.php?id=33783"]
[Date "2005.10.18"]
[Round "-"]
[White "Catalin"]
[Black "bennyray"]
[Result "1-0"]
[WhiteElo "1802"]
[BlackElo "1367"]

1. e4 c6 2. d4 d5 3. e5 f6 4. f4 fxe5 5. fxe5 Bf5 6. Bd3 e6 7. Bxf5 exf5 8. Nf3
c5 9. c3 cxd4 10. cxd4 Bb4+ 11. Nc3 Nc6 12. O-O g5 13. Nxg5 Bxc3 14. Qh5+ Kd7
15. bxc3 h6 16. e6+ Kc8 17. Nf7 Nf6 18. Qxf5 Qe7 19. Nxh8 Nd8 20. Qxf6 Qxf6 21.
Rxf6 Nc6 22. Rf8+ Nd8 23. Nf7 Kc7 24. Nxd8 Rxd8 25. Bf4+ Kc8 26. e7 1-0

[Event "Let's Play Chess!"]
[Site "http://www.queenalice.com/game.php?id=33784"]
[Date "2005.10.18"]
[Round "-"]
[White "Reddaz"]
[Black "bennyray"]
[Result "1-0"]
[WhiteElo "1490"]
[BlackElo "1380"]

1. e4 c6 2. f4 d5 3. e5 Bf5 4. d4 e6 5. Bd3 Bxd3 6. Qxd3 c5 7. Qb5+ Qd7 8. Nc3
cxd4 9. Qxd7+ Nxd7 10. Nb5 Rc8 11. Nxd4 Bc5 12. Ngf3 Nh6 13. Be3 Nf5 14. Nxf5
Bxe3 15. Nxe3 Nc5 16. Nd4 O-O 17. f5 a6 18. f6 gxf6 19. exf6 e5 20. Ndf5 Kh8 21.
Nxd5 Rcd8 22. O-O-O b5 23. Rhe1 e4 24. Ng3 Rde8 25. Rd4 h5 26. h4 Rg8 27. Nxe4
Nxe4 28. Rexe4 Rxe4 29. Rxe4 Rxg2 30. b3 a5 31. Nf4 Rf2 32. Nxh5 a4 33. Re7 Kg8
34. Re8+ Kh7 35. Rf8 Kg6 36. Ng3 a3 37. Ne4 Re2 38. h5+ Kxh5 39. Ng3+ 1-0

[Event "Let's Play Chess!"]
[Site "http://www.queenalice.com/game.php?id=33785"]
[Date "2005.10.18"]
[Round "-"]
[White "bennyray"]
[Black "Catalin"]
[Result "0-1"]
[WhiteElo "1365"]
[BlackElo "1804"]

1. e4 e5 2. Bc4 Nf6 3. Nf3 Nxe4 4. Nxe5 Nd6 5. d4 Nxc4 6. Nxc4 d5 7. Ne5 Bd6 8.
Qf3 Be6 9. O-O c5 10. c3 cxd4 11. cxd4 Nc6 12. Nxc6 bxc6 13. Re1 O-O 14. Nc3 Qh4
15. h3 Qxd4 16. Be3 Qb4 17. Bd2 Qxb2 18. Qd3 Qb8 19. Rab1 Qc7 20. g4 Rae8 21. f4
Bxf4 22. Bxf4 Qxf4 23. Ne2 Qd6 24. Rb7 c5 25. g5 Qc6 26. Rxa7 c4 27. Qd4 Bxh3
0-1

[Event "Let's Play Chess!"]
[Site "http://www.queenalice.com/game.php?id=33801"]
[Date "2005.10.19"]
[Round "-"]
[White "toxoq"]
[Black "bennyray"]
[Result "1-0"]
[WhiteElo "1314"]
[BlackElo "1318"]

1. Nc3 c5 2. e4 Nc6 3. Nf3 e5 4. Bc4 a6 5. Nd5 b5 6. Be2 c4 7. b3 d6 8. d4 Bg4
9. Ng5 Bxe2 10. Qxe2 Nxd4 11. Qd2 f6 12. c3 Nxb3 13. axb3 cxb3 14. Ba3 Qa5 15.
c4 fxg5 16. Qxa5 1-0

[Event "Let's Play Chess!"]
[Site "http://www.queenalice.com/game.php?id=34029"]
[Date "2005.10.20"]
[Round "-"]
[White "Reddaz"]
[Black "bennyray"]
[Result "0-1"]
[WhiteElo "1502"]
[BlackElo "1368"]

1. e4 c6 2. d4 d5 3. e5 Bf5 4. g4 Be4 5. f3 Bg6 6. Be3 e6 7. Nc3 Bb4 8. Bd2 Bxc3
9. Bxc3 f6 10. f4 fxe5 11. fxe5 h5 12. Be2 Qh4+ 13. Kd2 Qg5+ 14. Ke1 hxg4 15.
Bxg4 Bh5 16. Bxh5+ Rxh5 17. Nf3 Qg2 18. Rg1 Qh3 19. Ng5 Qh4+ 20. Kd2 Qf4+ 21.
Ke1 Rxg5 22. Rf1 Qe4+ 23. Qe2 Qh4+ 24. Rf2 Rg1+ 0-1

[Event "Let's Play Chess!"]
[Site "http://www.queenalice.com/game.php?id=34331"]
[Date "2005.10.22"]
[Round "-"]
[White "bennyray"]
[Black "Walter"]
[Result "0-1"]
[WhiteElo "1326"]
[BlackElo "1518"]

1. e4 e6 2. Bc4 d5 3. exd5 exd5 4. Qe2+ Be6 5. Nc3 dxc4 6. b3 cxb3 7. axb3 Bb4
8. Nd5 Qxd5 9. c3 Bd6 10. c4 Qe5 11. Nf3 Qxe2+ 12. Kxe2 Bg4 13. h3 Bxf3+ 14.
Kxf3 Nf6 15. d4 O-O 16. Bg5 Nc6 17. d5 Nd4+ 18. Ke3 Nc2+ 19. Kd3 Nxa1 20. Rxa1
Rfe8 21. g4 h6 22. Bxf6 gxf6 23. f3 b6 24. h4 a5 25. Rg1 a4 26. bxa4 Rxa4 27. g5
fxg5 28. hxg5 hxg5 29. Rxg5+ Kf8 30. Kc3 Ra3+ 31. Kb2 Rxf3 32. Rg2 Bc5 33. Rd2
Rf2 0-1

[Event "Let's Play Chess!"]
[Site "http://www.queenalice.com/game.php?id=35297"]
[Date "2005.10.28"]
[Round "-"]
[White "drup"]
[Black "bennyray"]
[Result "1-0"]
[WhiteElo "1573"]
[BlackElo "1332"]

1. e4 c6 2. Nf3 d5 3. Nc3 d4 4. Ne2 d3 5. cxd3 Qxd3 6. Qa4 b5 7. Qd4 Qxd4 8.
Nfxd4 e5 9. Nf3 Bg4 10. Nxe5 Bxe2 11. Bxe2 f6 12. Ng4 h5 13. Ne3 h4 14. d4 h3
15. O-O hxg2 16. Kxg2 Bd6 17. Ng4 Nh6 18. Bxh6 gxh6 19. Nxf6+ Kf7 20. e5 Bb4 21.
Bf3 Bd2 22. Nd5 cxd5 23. Bxd5+ Ke7 24. Bxa8 Nd7 25. Rad1 Bf4 26. Bc6 1-0